000 00276nam a2200121 a 4500
008 101208s1961|||| d
100 1 _aFeuchtwanger, Lion
245 1 0 _aHľadám umenie
260 _bSVKL
_aBratislava
_c1961
020 _c13
041 _aslo
044 _axo
_cSK
999 _c14932
_d14932